| 000 | 00350nam a2200145Ia 4500 | ||
|---|---|---|---|
| 005 | 20251222143152.0 | ||
| 008 | 251222s9999||||xx |||||||||||||| ||spa|| | ||
| 020 | _a978-607-15-1191-1 | ||
| 082 | _a530/B28 | ||
| 100 | _aBauer, Wolfgang | ||
| 245 | 0 | _aFísica para Ingeniería y Ciencias | |
| 250 | _a2a.ed. | ||
| 264 | _bMcGraw-Hill | ||
| 942 | _cLIB | ||
| 999 |
_c12717 _d12717 |
||